| 000 | 00944nam a2200217 a 4500 | ||
|---|---|---|---|
| 001 | 000992957 | ||
| 003 | AM-YeHGA | ||
| 005 | 20250617150338.0 | ||
| 008 | 131115s1900 ru r 000 0 rus d | ||
| 040 | _aAM-YeHGA | ||
| 041 | 0 | _arus | |
| 100 | 1 | _aВиппер, Роберт Юрьевич | |
| 245 | 1 | 0 |
_aОбщественные учения и исторические теории XVIII и XIX вв. в связи с общественным движением на Западе / _cР. Виппер. |
| 246 | 1 | _aОбщественныя учения и историческия теории XVIII и XIX вв. в связи с общественным движением на Западе | |
| 260 |
_aМосква : _bМир Божий, _c1900. |
||
| 300 | _a209 с. | ||
| 650 | 1 | 4 | _aСоциология |
| 650 | 1 | 4 |
_aОбщественная мысль на Западе _xИстория |
| 942 |
_2udc _cBK |
||
| 090 | _c331003 | ||
| 999 |
_c329249 _d329249 |
||